LEADER 01039nam0-22002891i-450 001 990006979700403321 005 20220926115602.0 010 $a90-411-1488-2 035 $aFED01000697970 100 $a20011022d2000----km-y0itay50------ba 101 0 $aeng 102 $aNL$aUS$aGB 105 $ay-------001yy 200 1 $aInternational Law$eensuring the survival of mankind on the eve of a new century$egeneral course on Public International Law$fby Christian Tomuschat 210 $aThe Hague$aBoston$aLondon$cMartinus Nijhoff Publishers$dc2000 215 $a438 p.$d24 cm 225 1 $aRecueil des cours$d= Collected courses of the Hague Academy of International Law$fAcadémie de Droit International$v281$zeng 320 $aBibliografia: p. 437-38. Indice 676 $a341.05$v23$zita 700 1$aTomuschat,$bChristian$0231011 801 0$aIT$bUNINA$gRICA$2UNIMARC 901 $aBK 912 $a990006979700403321 952 $aX O 28 (278)$b42440*$fFGBC 959 $aFGBC 996 $aInternational Law$9700694 997 $aUNINA LEADER 01402nam 2200421I 450 001 9910709980003321 005 20180823082655.0 035 $a(CKB)5470000002474464 035 $a(OCoLC)1049568068 035 $a(EXLCZ)995470000002474464 100 $a20180823j201805 ua 0 101 0 $aeng 135 $aurmn||||||||| 181 $ctxt$2rdacontent 182 $cc$2rdamedia 183 $acr$2rdacarrier 200 12$aA summary of results from two full-scale Fokker F28 fuselage section drop tests /$fJustin D. Littell 210 1$aHampton, Virginia :$cNational Aeronautics and Space Administration, Langley Research Center,$dMay 2018. 215 $a1 online resource (75 pages) $ccolor illustrations 225 1 $aNASA/TM ;$v2018-219829 300 $a"May 2018." 320 $aIncludes bibliographical references (pages 73-75). 606 $aFokker aircraft$2nasat 606 $aDrop tests$2nasat 606 $aFuselages$2nasat 606 $aCrashworthiness$2nasat 615 7$aFokker aircraft. 615 7$aDrop tests. 615 7$aFuselages. 615 7$aCrashworthiness. 700 $aLittell$b Justin D.$01393496 712 02$aLangley Research Center, 801 0$bGPO 801 1$bGPO 906 $aBOOK 912 $a9910709980003321 996 $aA summary of results from two full-scale Fokker F28 fuselage section drop tests$93524165 997 $aUNINA